El baile de Natacha: una historia cultural rusa

Salvato in:
Dettagli Bibliografici
Autore principale: Figes, Orlando (Autore)
Natura: Libro
Lingua:spagnolo
Pubblicazione: Barcelona Edhasa 2006
Edizione:1a. ed
Serie:Ensayo Edhasa
Soggetti:
Tags: Aggiungi Tag
Nessun Tag, puoi essere il primo ad aggiungerne!!

MARC

LEADER 00000nam a2200000 a 4500
001 UCJ9645
003 CL-VaPUC
008 070330e20060000SP |||||||||||||||||spa|d
020 |a 8435026582 
082 0 4 |a 306  |b FIG  |2 21 
100 0 |a Figes, Orlando  |e author  |9 519630 
245 1 3 |a El baile de Natacha: una historia cultural rusa 
250 |a 1a. ed 
300 |a 828 p 
942 |c BK 
945 |d 20070330 00:00:00  |a cmena 
260 |a Barcelona  |b Edhasa  |c 2006 
650 0 |a Desarrollo cultural  |9 267526 
650 0 |a Antropología cultural y social   |9 265143 
650 0 |a Costumbres y tradiciones   |9 268292 
650 7 |a HISTORIA RUSA  |2 CL-VaPUC  |9 350333 
651 0 |a Rusia   |9 256106 
583 |a last modification  |c 20070330 00:00:00  |k Rodrigo Vera 
490 0 |a Ensayo Edhasa 
999 |c 325065  |d 325063 
952 |0 0  |1 0  |4 0  |6 306_000000000000000_FIG_2006  |7 0  |8 A  |9 405628  |a BIBHIS  |b BIBHIS  |d 2019-11-22  |i 432689K  |o 306 FIG 2006  |p 432689K  |r 2025-01-20  |w 2019-11-22  |y BK  |k HIS